Scattered minds/ (Record no. 1794)

000 -LEADER
fixed length control field 00965nam a2200289 i 4500
001 - CONTROL NUMBER
control field 019116191
003 - CONTROL NUMBER IDENTIFIER
control field Uk
005 - DATE AND TIME OF LATEST TRANSACTION
control field 20260128111118.0
008 - FIXED-LENGTH DATA ELEMENTS--GENERAL INFORMATION
fixed length control field 180903s2019 enk b 001|0|eng|d
020 ## - INTERNATIONAL STANDARD BOOK NUMBER
International Standard Book Number 9781785042218
Qualifying information paperback
040 ## - CATALOGING SOURCE
Original cataloging agency StDuBDS
Language of cataloging eng
Transcribing agency StDuBDS
Modifying agency Uk
-- uoc
Description conventions rda
082 04 - DEWEY DECIMAL CLASSIFICATION NUMBER
Classification number 616.8589
Edition number 23
Item number GAB
100 1# - MAIN ENTRY--PERSONAL NAME
Personal name Maté, Gabor,
Relator term author.
240 ## - UNIFORM TITLE
Uniform title Attention Deficit Disorder.
Language of a work English
245 10 - TITLE STATEMENT
Title Scattered minds/
Statement of responsibility, etc. Gabor Maté, M.D.
250 ## - EDITION STATEMENT
Remainder of edition statement International bestseller.
264 #1 - PRODUCTION, PUBLICATION, DISTRIBUTION, MANUFACTURE, AND COPYRIGHT NOTICE
Place of production, publication, distribution, manufacture London :
Name of producer, publisher, distributor, manufacturer Vermilion,
Date of production, publication, distribution, manufacture, or copyright notice 2019.
264 #4 - PRODUCTION, PUBLICATION, DISTRIBUTION, MANUFACTURE, AND COPYRIGHT NOTICE
Date of production, publication, distribution, manufacture, or copyright notice © Gabor Maté 2019.
300 ## - PHYSICAL DESCRIPTION
Extent xiv, 348 pages :
Dimensions 20 cm.
336 ## - CONTENT TYPE
Content type term text
Source rdacontent
Content type code txt
337 ## - MEDIA TYPE
Media type term unmediated
Source rdamedia
Media type code n
338 ## - CARRIER TYPE
Carrier type term volume
Source rdacarrier
Carrier type code nc
504 ## - BIBLIOGRAPHY, ETC. NOTE
Bibliography, etc. note Includes bibliographical references and index.
650 #0 - SUBJECT ADDED ENTRY--TOPICAL TERM
Topical term or geographic name entry element Attention-deficit disorder in adults
Form subdivision Popular works.
9 (RLIN) 4244
650 #0 - SUBJECT ADDED ENTRY--TOPICAL TERM
Topical term or geographic name entry element Attention-deficit hyperactivity disorder
Form subdivision Popular works.
9 (RLIN) 4244
942 ## - ADDED ENTRY ELEMENTS (KOHA)
Source of classification or shelving scheme
Koha item type Book
Holdings
Withdrawn status Lost status Source of classification or shelving scheme Damaged status Not for loan Permanent location Current location Date acquired Total Checkouts Full call number Barcode Date last seen Price effective from Koha item type Date last checked out
          UofCanada Library UofCanada Library 01/28/2026   616.8589 GAB/NB 00002685 01/28/2026 01/28/2026 NB-Book  
          UofCanada Library UofCanada Library 01/28/2026 1 616.8589 GAB 00002686 02/17/2026 01/28/2026 Book 02/10/2026